| 000 | 00518nam a22001817a 4500 | ||
|---|---|---|---|
| 005 | 20251108175302.0 | ||
| 008 | 250721s2013 xx 000 0 ara d | ||
| 082 | 1 | 4 | _a611/محي |
| 100 | 1 | _aمحيبش، عمر عبد العزيز | |
| 245 | 1 | 0 | _aعلم عظام الإنسان / التشريح الطبيعي / |
| 264 | 1 |
_aعمان : _bالمؤلف، _c2013. |
|
| 300 | _a407ص. | ||
| 650 | 1 | 7 | _aعلم التشريح |
| 650 | 1 | 7 | _aالطب |
| 650 | 1 | 7 | _aالانسان |
| 942 |
_2ddc _cBK |
||
| 999 |
_c130565 _d130565 |
||